书目信息 |
| 题名: |
大地测量学基础
|
|
| 作者: | 孔祥元 , 郭际明 , 刘宗泉 编著 | |
| 分册: | ||
| 出版信息: | 武汉 武汉大学出版社 2006.01 |
|
| 页数: | 404页 | |
| 开本: | 26cm | |
| 丛书名: | 高等学校测绘工程专业核心教材 | |
| 单 册: | ||
| 中图分类: | P22 | |
| 科图分类: | ||
| 主题词: | 大地测量学--da di ce liang xue--高等学校--教材 | |
| 电子资源: | ||
| ISBN: | 7-307-04837-X | |
| 000 | 01024nam 2200289 450 | |
| 001 | CAL 012006019400 | |
| 005 | 20060427094327.75 | |
| 010 | @a7-307-04837-X@dCNY 39.50 | |
| 099 | @aCAL 012006019400 | |
| 100 | @a20060308d2006 ekmy0chiy0121 ea | |
| 101 | 0 | @achi |
| 102 | @aCN@b420000 | |
| 200 | 1 | @a大地测量学基础@Ada di ce liang xue ji chu@d= Foundation of geodesy@f孔祥元, 郭际明, 刘宗泉编著@zeng |
| 210 | @a武汉@c武汉大学出版社@d2006.01 | |
| 215 | @a404页@c图@d26cm | |
| 225 | 2 | @a高等学校测绘工程专业核心教材@Agao deng xue xiao ce hui gong cheng zhuan ye he xin jiao cai |
| 320 | @a有书目 (第404页) | |
| 333 | @a普通高等教育“十五”国家级规划教材 | |
| 410 | 0 | @12001 @a高等学校测绘工程专业核心教材 |
| 510 | 1 | @aFoundation of geodesy@zeng |
| 606 | 0 | @a大地测量学@Ada di ce liang xue@x高等学校@j教材 |
| 690 | @aP22@v4 | |
| 701 | 0 | @a孔祥元@Akong xiang yuan@4编著 |
| 701 | 0 | @a郭际明@Aguo ji ming@4编著 |
| 701 | 0 | @a刘宗泉@Aliu zong quan@4编著 |
| 801 | 0 | @aCN@bWUL@c20060427 |
| 905 | @a10447@dP22@eK778 | |
| 大地测量学基础= Foundation of geodesy/孔祥元, 郭际明, 刘宗泉编著.-武汉:武汉大学出版社,2006.01 |
| 404页:图;26cm.-(高等学校测绘工程专业核心教材) |
| 使用对象:普通高等教育“十五”国家级规划教材 |
| ISBN 7-307-04837-X:CNY 39.50 |
| ● |
| 相关链接 |
|
|
|
正题名:大地测量学基础
索取号:P22/K778
 
预约/预借
| 序号 | 登录号 | 条形码 | 馆藏地/架位号 | 状态 | 备注 |
| 1 | 601876 | 206018762 | 社科二线400B/400B社科库 4排2列2层/ [索取号:P22/K778] | 在馆 | |
| 2 | 601877 | 206018771 | 社科二线400B/400B社科库 32排3列6层/ [索取号:P22/K778] | 在馆 | |
| 3 | 601878 | 206018780 | 自科库401/401自科库 120排1列6层/ [索取号:P22/K778] | 在馆 |